Queries offered to the consideration of the principal inhabitants of the city of Ely and towns adjacent, and of all gentlemen elsewhere, who have any estates or interest in, or regard for the south part of the Isle of Ely.

Bibliographic Details
Main Author: Bentham, James, 1708-1794
Corporate Author: Gale (Firm)
Format: eBook
Language:English
Subjects:
Online Access:Connect to the full text of this electronic book

MARC

Tag First Indicator Second Indicator Subfields
LEADER 00000cam a2200000 4500
001 in00003847021
005 20190415182959.0
006 m o d
007 cr |n||||||||n
008 860825s1757 enk|||| o 00||||eng c
035 |a (CU-RivES)N24451 
035 |a (Uk-ES)006015853 
035 |a (OCoLC)508057816 
040 |a CU-RivES  |c CU-RivES  |d Uk-ES  |d CStRLIN  |d Cengage Gale  |d UtOrBLW 
100 1 |a Bentham, James,  |d 1708-1794.  |0 http://id.loc.gov/authorities/names/n85814825 
245 1 0 |a Queries offered to the consideration of the principal inhabitants of the city of Ely and towns adjacent, and of all gentlemen elsewhere, who have any estates or interest in, or regard for the south part of the Isle of Ely. 
264 3 |a Cambridge :  |b Printed by J. Bentham printer to the University; and may be had of the booksellers in Cambridge, and at Ely,  |c MDCCLVII. [1757] 
300 |a 1 online resource (24 pages)  
336 |a text  |b txt  |2 rdacontent 
337 |a computer  |b c  |2 rdamedia 
338 |a online resource  |b cr  |2 rdacarrier 
500 |a Anonymous. By James Bentham. 
510 4 |a English Short Title Catalog,  |c N24451. 
500 |a Reproduction of original from British Library. 
500 |a Electronic resource. 
650 0 |a Public lands  |z England  |z Ely  |v Early works to 1800. 
651 0 |a Ely (England)  |x Politics and government  |v Early works to 1800. 
655 7 |a Electronic books.  |2 local 
710 2 |a Gale (Firm)  |0 http://id.loc.gov/authorities/names/no2008071348 
752 |a Great Britain  |b England  |d Cambridge. 
856 4 0 |u http://proxy.library.tamu.edu/login?url=http://find.galegroup.com/ecco/infomark.do?contentSet=ECCOArticles&docType=ECCOArticles&bookId=1605500100&type=getFullCitation&tabID=T001&prodId=ECCO&docLevel=TEXT_GRAPHICS&version=1.0&source=library&userGroupName=txshracd2898  |z Connect to the full text of this electronic book  |t 0 
999 f f |s 5b962297-7e38-3dd9-a861-6d7456eed668  |i 50eb94b8-271f-3b5c-8586-bf05730bb3a6  |t 0 
952 f f |a Texas A&M University  |b College Station  |c Electronic Resources  |d Available Online  |t 0  |h No information provided 
998 f f |t 0  |l Available Online